Faculty of Law Library — Cairo University

Official Online Catalog

إثبات عقد النقل البحري وآثاره طبقاً لقواعد روتردام 2008م "إتفاقية الأمم المتحدة المتعلقة بعقود النقل الدولي للبضائع عن طريق البحر كلياً وجزئياً" / (Record no. 65972)

MARC details
000 -LEADER
fixed length control field 04894nam a2200409 i 4500
003 - CONTROL NUMBER IDENTIFIER
control field EG-GICUC
005 - أخر تعامل مع التسجيلة
control field 20260330125549.0
008 - FIXED-LENGTH DATA ELEMENTS--GENERAL INFORMATION
fixed length control field 260310s2026 ua |||f m||| 00| 0 ara d
040 ## - CATALOGING SOURCE
Original cataloguing agency EG-GICUC
Transcribing agency EG-GICUC
Modifying agency EG-GICUC
Description conventions rda
Language of cataloging: ara
041 0# - LANGUAGE CODE
Language code of text/sound track or separate title ara
Language code of summary or abstract ara
Language code of sung or spoken text ara
049 ## - Acquisition Source
Acquisition Source إهداء
082 04 - DEWEY DECIMAL CLASSIFICATION NUMBER
Classification number 347.7
Edition number 21
097 ## - Degree
Degree Ph.D
099 ## - LOCAL FREE-TEXT CALL NUMBER (OCLC)
Local Call Number Law 05 PHD 2026
100 0# - MAIN ENTRY--PERSONAL NAME
Authority record control number or standard number محمد إبراهيم عبد الفتاح خليفة حمودة
Preparation مؤلف.
245 10 - TITLE STATEMENT
Title إثبات عقد النقل البحري وآثاره طبقاً لقواعد روتردام 2008م "إتفاقية الأمم المتحدة المتعلقة بعقود النقل الدولي للبضائع عن طريق البحر كلياً وجزئياً" /
Statement of responsibility, etc. إعداد محمد إبراهيم عبد الفتاح خليفة حمودة؛ إشراف الأستاذ الدكتور خليل فيكتور تادرس.
264 #0 - PRODUCTION, PUBLICATION, DISTRIBUTION, MANUFACTURE, AND COPYRIGHT NOTICE
Place of production, publication, distribution, manufacture القاهرة:
Name of producer, publisher, distributor, manufacturer كلية الحقوق- جامعة القاهرة،
Date of production, publication, distribution, manufacture, or copyright notice 2026.
300 ## - PHYSICAL DESCRIPTION
Extent 370 صفحة؛
Dimensions 25 سم.
336 ## - CONTENT TYPE
Content type term text
Source rda content
337 ## - MEDIA TYPE
Media type term Computer
Source rda media
338 ## - CARRIER TYPE
Carrier type term Online Resource
Source rda carrier
500 ## - General note
General note FR
502 ## - DISSERTATION NOTE
Dissertation note أطروحة (دكتوراة)- جامعة القاهرة، كلية الحقوق، قسم القانون التجاري، 2026.
504 ## - BIBLIOGRAPHY, ETC. NOTE
Bibliography, etc. note ببليوجرافيا: صفحات 346-358
520 3# - SUMMARY, ETC.
Summary, etc. موضوع البحث هو إثبات عقد النقل البحري واثاره طبقا لقواعد روتردام 2008م التفاقية الأمم المتحدة المتعلقة بعقود النقل الدولي للبضائع عن طريق البحر كليا أو جزئيا.<br/><br/>دور هذه الأطروحة حول بإثبات عقد النقل البحري وفقا لقواعد روتردام 2008 ، ما تسعى إليه جميع دول العالم، سواء الدول الناقلة أو الدول الشاحنة، من تطوير أنظمتها القانونية المعنية بالنقل البحري، والارتقاء بالاتفاقيات الدولية من خلال إنشاء نظام موحد للنقل البحري، وتسعى روتردام 2008 إلى التوسع في رفع مستوى التعويض عن هلاك أو تلف أو التأخر في تسليم البضائع، نظرا للتضخم الحادث في مستوى الأسعار، كما وسعت قواعد روتردام 2008 من نطاق عند النقل البحري ليصبح من الباب إلى الباب، وأنت. قواعد روتردام بمصطلحات جديدة لم ترد في الاتفاقيات السابقة مثل الطرف المسيطر وحق السيطرة، والطرف المنفذ والطرف المنفذ البحري، والعقد الكمي، والشاحن المستندي، والحائز. كما تميزت قواعد روتردام 2008 عن الاتفاقيات السابقة بتخصيص فصل كامل فيها خاص بتسليم البضائع، وأوردت حالات التسليم في حال صدور مستند نقل أو سجل نقل الكتروني، كما تميزت الاتفاقية الجديدة باستحداث وسائل إثبات عقد النقل البحري المتمثلة في وثائق النقل الحديثة في سجل النقل الإلكتروني، وما وصلت إليه هذه الوثائق من أحكام<br/><br/>وكذلك يتناول موضوع البحث أثر عقد النقل البحري وفقا لقواعد روتردام 2008 على طرفي عقد النقل، سواء الناقل أو الشاحن أو تابعوهما، سواء الطرف المنفذ، أو الطرف المنفذ البحري، أو الطرف المسيطر، أو الحائز، أو المرسل إليه، أو صاحب الحق في تسلم البضائع، أو حتى الغير الذي تضرر من هلاك أو تلف البضائع محل عقد النقل البحري، وما يمكن أن يحدثه ذلك من تأثير على حقوق وواجبات أو مسئوليات الناقل، أو الشاحن أو تابعيهما، وعقد مقارنات بين نصوصها وبين القانون المصري.
546 ## - LANGUAGE NOTE
Text Language النص بالعربية والملخص باللغة الإنجليزية والعربية.
650 04 - SUBJECT ADDED ENTRY--TOPICAL TERM
Topical term or geographic name entry element القانون التجاري
Source of heading or term qrmak
653 #0 - INDEX TERM--UNCONTROLLED
Uncontrolled term النقل البحري
653 #0 - INDEX TERM--UNCONTROLLED
Uncontrolled term قواعد روتردام
655 #4 - INDEX TERM--GENRE/FORM
Genre/form data or focus term رسائل جامعية
Geographic subdivision جامعة القاهرة
General subdivision القانون التجاري
700 0# - ADDED ENTRY--PERSONAL NAME
Personal name خليل فيكتور تادرس
Relator term مشرف.
710 2# - ADDED ENTRY--CORPORATE NAME
Corporate name or jurisdiction name as entry element جامعة القاهرة.
Subordinate unit كلية الحقوق
856 ## - ELECTRONIC LOCATION AND ACCESS
Uniform Resource Identifier <a href="https://fll.law.cu.edu.eg/fulltext/th/T05-02868.pdf">https://fll.law.cu.edu.eg/fulltext/th/T05-02868.pdf</a>
900 ## - Thesis Information
Grant date 2026
Universities جامعة القاهرة
Faculties كلية الحقوق
Department قسم القانون التجاري
905 ## - Cataloger and Reviser Names
Cataloger Name: Hoda
942 ## - ADDED ENTRY ELEMENTS (KOHA)
Source of classification or shelving scheme Dewey Decimal Classification
Koha item type Thesis
Edition 21
Suppress in OPAC No
Holdings
Source of classification or shelving scheme Collection Home library Current library Date acquired Full call number Barcode Date last seen Copy number Effective from Koha item type
Dewey Decimal Classification القانون التجاري جــــامعة القــاهرة مكتبة كلية الحقوق - المبنى الرئيسي 10.03.2026 Law1 05 PHD 2026 0502868 C1 T05-02868 10.03.2026 1 10.03.2026 Thesis
Dewey Decimal Classification القانون التجاري جــــامعة القــاهرة مكتبة كلية الحقوق - المبنى الرئيسي 10.03.2026 Law1 05 PHD 2026 0502869 C2 T05-02869 10.03.2026 2 10.03.2026 Thesis
Dewey Decimal Classification القانون التجاري جــــامعة القــاهرة مكتبة كلية الحقوق - فـرع الشيخ زايد 10.03.2026 Law1 05 PHD 2026 0502870 C3 T05-02870 10.03.2026 3 10.03.2026 Thesis

© All rights reserved — Faculty of Law, Cairo University